Orthodox Christianity and Atheism/Differences in Attitudes Towards Seeking Professional Psychological Help. (Record no. 8488)
[ view plain ]
| 000 -LEADER | |
|---|---|
| fixed length control field | 00852cam a22001934a 4500 |
| 005 - ΗΜΕΡΟΜΗΝΙΑ ΚΑΙ ΩΡΑ ΤΕΛΕΥΤΑΙΑΣ ΕΝΗΜΕΡΩΣΗΣ | |
| Πεδίο ελέγχου | 20250605164337.0 |
| 008 - FIXED-LENGTH DATA ELEMENTS--GENERAL INFORMATION | |
| Πεδίο ελέγχου σταθερού μήκους | 250528s ||||||||||||||||||||||||d |
| 035 ## - SYSTEM CONTROL NUMBER | |
| System control number | 23478 |
| 040 ## - ΠΗΓΗ ΚΑΤΑΛΟΓΟΓΡΑΦΗΣΗΣ | |
| Φορέας πρωτότυπης καταλογογράφησης | MC Athens Campus Library |
| Γλώσσα καταλογογράφησης | Ελληνικά, Μοντέρνα (1453-) |
| Modifying agency | MC Athens Campus Library |
| Κανόνες περιγραφικής καταλογογράφησης | AACR2 |
| 245 1# - ΤΙΤΛΟΣ ΚΑΙ ΔΗΛΩΣΗ ΥΠΕΥΘΥΝΟΤΗΤΑΣ | |
| Τίτλος | Orthodox Christianity and Atheism/Differences in Attitudes Towards Seeking Professional Psychological Help. |
| 260 ## - PUBLICATION, DISTRIBUTION, ETC. | |
| Date of publication, distribution, etc. | 2016 |
| 300 ## - PHYSICAL DESCRIPTION | |
| Extent | 63 |
| 520 ## - SUMMARY, ETC. | |
| Summary, etc. | Introduction, The Different Perspective, the History of the Instruments, Review of Selected Literature, Method, Design, Participants, Materials, Procedure, Analytic Strategy, Discussuion, Linking Results Back to Literature, the Challenges of the Present Study, Ideas for Future Research, Conclusion, References, Appendix. |
| 700 1# - ΠΡΟΣΘΕΤΗ ΑΝΑΓΡΑΦΗ--ΦΥΣΙΚΟ ΠΡΟΣΩΠΟ | |
| Personal name | Louka Penelope |
| 9 (RLIN) | 9017 |
| 700 1# - ΠΡΟΣΘΕΤΗ ΑΝΑΓΡΑΦΗ--ΦΥΣΙΚΟ ΠΡΟΣΩΠΟ | |
| Personal name | Vlaseros Spyridon |
| 9 (RLIN) | 9043 |
| 942 ## - ADDED ENTRY ELEMENTS (KOHA) | |
| Koha item type | Διπλωματική εργασία |
| Τύπος τεκμηρίου | Βιβλιοθήκη | Τρέχουσα τοποθεσία | Barcode | Ημερομηνία απόκτησης | Ταξιθετικό σύμβολο | Αριθμός αντιτύπου | Κατάσταση απόσυρσης | Κατάσταση χαμένου | Κατάσταση κατεστραμμένου | Μη δανεισμός | Σύνολο δανεισμών | Ημερομηνία τελευταίας εμφάνισης | Η τιμή ισχύει από |
|---|---|---|---|---|---|---|---|---|---|---|---|---|---|
| Διπλωματική εργασία | MC Athens Campus Library | MC Athens Campus Library | 9780000084873 | 05/06/2025 | PSY 2016 (40) | 1 | 05/06/2025 | 05/06/2025 |